000 00324nam a2200133Ia 4500
008 260604s9999 xx 000 0 und d
020 _a9781802204643
082 _a510 LEI
100 _aLEIGH [E.E.]
_935633
245 0 _aFACILITATING SIMULATIONS
260 _bEDWARD ELGAR
500 _aSimulation, Mathmetics
942 _cBK
999 _c8457
_d8457